MDQL
is popping MORE tags! Check the
thread
!
Quizzes
Events
Quiz Creation
Community
Videos
Private Events
Remove Ads
Sign In
Join for FREE
Feedback
Dark Mode
Quiz Categories
Sports
Geography
Music
Movies
Television
Just For Fun
Miscellaneous
History
Literature
Language
Science
Gaming
Entertainment
Religion
Holiday
For Kids
Quiz Lab
Recent
Popular Today
Quiz Kudos Today
Editor Picks
Curator Picks
Quizzes by...
Day
Popularity
Type
Ratings
Length
Year
Community
Subscriptions
Recent Discussions
Orange Saloon
Badges
Playlists
Quests
Create
Leaderboards
Showdown
Live 5
Trivia Bingo
Activity
Puzzle Library
Sporcle Events
Private Events
Virtual Trivia
Globe League
Become a Host
Pub Owners
SporcleCon
Opinionation
Our Games
Videos
Blog
Mobile Apps
Partnerships
Remove Ads and Go Orange
Feedback
History
US Presidents
World Leaders
Politics
Nation
Discovery
War
Decade
Year
Century
Biography
Art
History
US Presidents
World Leaders
Politics
Nation
Discovery
War
Decade
Year
Century
Biography
Art
Random Quiz
Search Sporcle
×
Quiz Lab
Quiz Lab
History
Cabinet
Type in answers that appear in a list
Type in answers that appear in a list
Classic
Best Score? Go Orange.
US Cabinet Departments by Subordinate Agencies Stats
Can you name the US Cabinet Departments by Subordinate Agencies?
By
mskiles314
5m
15 Questions
243 Plays
243 Plays
243 Plays
Comments
Comments
Give Quiz Kudos
Give Quiz Kudos
-
- Ratings
hide this ad
Forced Order
Answers have to be entered in order
Answers have to be entered in order
Random Order
Randomize order of answers
Randomize order of answers
Replay
Link that replays current quiz
Next Quiz
Link to next quiz in quiz playlist
You Got
0%
They Got
Avg Score
84%
Avg Friend Score
Upgrade to see
Score Distribution
Jump to the score distribution portion of the page
Score
0/15
Timer
05:00
0
Plays Today
Agencies
Department of ...
% Correct
Office of Federal Student Aid, Student Achievement and School Accountability Programs, National Institute for Literacy.
Education
93.8%
Bureau of Indian Affairs, National Park Service, United States Geological Survey.
Interior
90.1%
Office of Financial Institutions Policy, Office of Debt Management, Bureau of Engraving and Printing
Treasury
89.7%
Federal Aviation Administration, Federal Highway Administration, Pipeline and Hazardous Materials Safety Administration.
Transportation
89.3%
Office of Science, Brookhaven National Laboratory, Office of Fossil Energy
Energy
88.5%
National Cemetery Administration, Veterans Benefits Administration, Veterans Health Administration.
Veteran's Affairs
86.4%
Drug Enforcement Agency, Office of the Pardon Attorney, Federal Bureau of Investigation.
Justice
85.2%
United States Citizenship and Immigration, U.S. Customs and Border ProtectionServices, Transportation Security Administration.
Homeland Security
85.2%
Agencies
Department of ...
% Correct
Benefits Review Board, Occupational Safety and Health Administration, Employment and Training Administration.
Labor
84.8%
Administration on Aging, Centers for Disease Control and Prevention, Food and Drug Administration.
Health and Human Services
84.8%
DARPA, National Reconnaissance Office, National Security Agency
Defense
84.4%
Office of the Coordinator for Counterterrorism, National Foreign Affairs Training Center, Bureau of Intelligence and Research
State
82.3%
Bureau of the Census, Bureau of Industry and Security, National Weather Service.
Commerce
75.7%
Commodity Credit Corporation, United States Forest Service, Food and Nutrition Service.
Agriculture
75.3%
Section 8, Fannie Mae, Ginnie Mae
Housing and Urban Development
75.3%
Quiz Playlist
Details
Report
Send in Message
Add To Playlist
Classic:
Type in answers that appear in a list
Forced Order:
Answers have to be entered in order
Random Order:
Randomize order of answers
Quiz Source
Last Updated: Feb 16, 2017
Quiz Scoreboard
CHALLENGE
Sign Up to Join the Scoreboard
Show All
Scores
Hide
Comments
May contain spoilers
Recently Published
Two Season TV Shows II
by 123Four
Television
10m
Image Sorting: Flags VI
by Barbecue
Geography
2m
Find the 'City' Movie
by crazypaving
Movies
60s
More to Explore
Quiz From the Vault
Featured Blog Post
14 Easter Pick-up Lines to Find Eggs With
hide this ad
You Might Also Like...
Tags
Agency
Cabinet
department
US Cabinet
Today's Top Quizzes in History
Browse History
hide this ad
Today's Top Quizzes in Cabinet
Browse Cabinet
Top Contributed Quizzes in History
1
I Am Born On March 29th
2
Order Up: 1000 Years of World Events I
3
US National Parks Named After People
4
Popular People in 1991
5
Popular People in 1951
6
Popular People in 1941
7
Popular People in 1981
8
Popular People in 1921
9
Popular People in 1986
10
Popular People in 1976
Explore More
Trending Topics
Anime
Disney
Crossword
Marvel
Harry Potter
NBA
Kpop
Country
Soccer
The Office
Song
Puzzle
Pokémon
WWE
NFL
hide this ad
More By:
mskiles314
Quiz
Plays
Rating
Category
Featured
Created
US Cabinet Departments by Subordinate Agencies
243
5.00
History
Nov 25, 2011
Literary Pseudonyms
169
Literature
Nov 27, 2009
MU Quiz Team Q1
41
Miscellaneous
Jun 12, 2010
MU Quiz Team Q5
23
Miscellaneous
Jul 18, 2010
MU Quiz Team Q2
21
Miscellaneous
Jun 13, 2010
Go to Creator's Profile
Score Distribution
Quiz Creator Spotlight
mskiles314
Follow
Send a Message
Quizzes Created
-
Created Quiz Play Count
-
More By This Creator
Popular Quizzes Today
1
Colored Red Africa Blitz
2
Find the US States - No Outlines Minefield
3
Find the 'City' Movie
4
5x2 Blitz: Bands
5
The Countries of the World
6
Find the US States
7
Find the Countries of Europe - No Outlines Minefield
8
US States
More History Quizzes
On This Day: September 2nd II
Published
Trending Quizzes
Colored Red Europe Blitz I
Colored Red Africa Blitz II
Colored Red Europe Blitz II
Colored Red Africa Blitz III
Colored Red Europe Blitz III
Recently Updated
How Do You Spell That?
pecheneg
Godzilla Movies
pecheneg
Grab Bag: 4-10 Letters
pecheneg
2024 March Madness Bracket
pecheneg
Famous TV Couples
Peacemaker
Champions League XIs: Real Madrid
pecheneg
Largest US Cities 1790-2010
pecheneg
Rides in Walt Disney World
pecheneg
Most Oscar Losses (Acting)
pecheneg
Beyoncé Albums
pecheneg
Trending Topics
NBA
Kpop
Crossword
Anime
Harry Potter
Disney
Marvel
NFL
Pokémon
The Office
WWE
Puzzle
Song
Soccer
Country
Your Account Isn't Verified!
In order to create a playlist on Sporcle, you need to verify the email address you used during registration. Go to your
Sporcle Settings
to finish the process.
Report this User
Report this user for behavior that violates our
Community Guidelines
.
Details:
Send Report
Go to the Sporcle.com Mobile Site →
Comments